Statistiques concernant La réponse est un fruit

Cliquez ici pour prendre le quiz!

Statistiques générales

  • Ce quiz a été pris 265 fois
  • Le résultat moyen est 14 sur 25

Statistiques - réponses

IndiceRéponse% Correct
Sorte de sacoche portée sur le ventreBanane
97%
Métier qui s'exerce dans un tribunalAvocat
91%
Activité consistant à prélever du poissonPêche
87%
Outil utilisé notamment par les dentistesFraise
84%
Couleur associée aux uniformes militairesKaki
82%
Oiseau néozélandais incapable de volerKiwi
82%
Arrivée à maturitéMûre
82%
Nom de scène d'une chanteuse française active depuis 2015Pomme
82%
Synonyme familier pour contraventionPrune
79%
Sorte de petit ballon en caoutchouc servant à aspirer ou à injecter un liquide ou un gazPoire
76%
Ville du Vaucluse, célèbre notamment pour son théâtre antiqueOrange
75%
Petite quantité (généralement de beurre)Noisette
72%
Célèbre égérie de la marque GroupamaCerise
69%
Arme de jet explosiveGrenade
66%
Relative à la langue chinoise standardiséeMandarine
57%
Espèce de papillon de couleur jauneCitron
48%
Pièce de viande présente notamment chez le veauNoix
47%
Décharge électriqueChâtaigne
39%
Format de papier correspondant à 50×65 cmRaisin
29%
Partie renflée de la tête de certains cétacés, tel que le dauphinMelon
26%
Ville des Bouches-du-Rhône ou fissure sur une routeCassis
25%
Désigne familièrement un coup de poingMarron
22%
Désigne, dans la culture africaine, une musicienne ou poétesse itinéranteGriotte
5%
Petit singe d'Amérique du SudTamarin
2%
Heurte violemment quelque choseCarambole
0%

Distribution des résultats

Percentile par nombre de réponses

% des personnes avec chaque résultat

Votre développement - résultats

Vous n’avez pas pris ce quiz